Quizzes
Events
Quiz Creation
Community
Videos
Private Events
Remove Ads
Sign In
Join for FREE
Feedback
Dark Mode
Quiz Categories
Sports
Geography
Music
Movies
Television
Just For Fun
Miscellaneous
History
Literature
Language
Science
Gaming
Entertainment
Religion
Holiday
For Kids
Quiz Lab
Recent
Popular Today
Quiz Kudos Today
Editor Picks
Curator Picks
Quizzes by...
Day
Popularity
Type
Ratings
Length
Year
Community
Subscriptions
Recent Discussions
Orange Saloon
Badges
Playlists
Quests
Create
Leaderboards
Showdown
Live 5
Trivia Bingo
Activity
Puzzle Library
Sporcle Events
Private Events
Virtual Trivia
Globe League
Become a Host
Pub Owners
SporcleCon
Opinionation
Our Games
Videos
Blog
Mobile Apps
Partnerships
Remove Ads and Go Orange
Feedback
Music
Pop Music
The Beatles
Song
Album
Lyrics
Bands
Singers
Artist
Clip
Rock
Rap
Classical
Billboard
Country Music
Kpop
Taylor Swift
Music
Pop Music
The Beatles
Song
Album
Lyrics
Bands
Singers
Artist
Clip
Rock
Rap
Classical
Billboard
Country Music
Kpop
Taylor Swift
Random Quiz
Search Sporcle
×
Quiz Lab
Quiz Lab
Music
The Hunger Games
Type in answers that appear in a list
Type in answers that appear in a list
Classic
Best Score? Go Orange.
Abraham's Daughter Lyrics Stats
Can you name the Abraham's Daughter Lyrics?
By
snapehasacape
7m
92 Questions
124 Plays
124 Plays
124 Plays
Comments
Comments
Give Quiz Kudos
Give Quiz Kudos
-
- Ratings
hide this ad
More Info
Replay
Link that replays current quiz
Next Quiz
Link to next quiz in quiz playlist
You Got
0%
They Got
Avg Score
75%
Avg Friend Score
Upgrade to see
Score Distribution
Jump to the score distribution portion of the page
Score
0/92
Timer
07:00
0
Plays Today
% Correct
and
96%
and
96%
the
96%
the
96%
the
96%
and
96%
the
96%
abraham's
91.1%
abraham's
91.1%
daughter
90.3%
daughter
90.3%
daughter
90.3%
Abraham
89.5%
to
88.7%
her
84.7%
her
84.7%
her
84.7%
her
84.7%
her
84.7%
hand
83.1%
he
83.1%
he
83.1%
she
82.3%
as
82.3%
she
82.3%
she
82.3%
him
80.6%
his
80.6%
was
80.6%
was
80.6%
took
79.8%
% Correct
so
77.4%
angel
76.6%
angel
76.6%
asked
76.6%
asked
76.6%
be?
76.6%
led
75.8%
raised
75.8%
then
75.8%
said
75.8%
then
75.8%
how
75.8%
raised
75.8%
raised
75.8%
how
75.8%
hill
75%
my
75%
for
74.2%
can
74.2%
me
74.2%
one
74.2%
for
74.2%
voice
73.4%
what
73.4%
name
73.4%
father
73.4%
you
73.4%
father
73.4%
you
73.4%
slaughter
72.6%
have
72.6%
% Correct
none
72.6%
this
72.6%
never
72.6%
slaughter
72.6%
dare
72.6%
Isaac's
71.8%
gave
71.8%
darest
71.8%
lonesome
71%
isaac
71%
not
70.2%
still
70.2%
go
69.4%
your
66.9%
hid
66.1%
while
65.3%
let
65.3%
watched
65.3%
when
64.5%
defy
64.5%
just
62.1%
bow
61.3%
child
59.7%
breathe
59.7%
saw
58.9%
better
58.9%
young
58.1%
i
53.2%
that
36.3%
called
25.8%
Quiz Playlist
Details
Report
Send in Message
Add To Playlist
More Info:
Name the lyrics to Arcade Fire's Abraham's Daughter. May the odds be ever in your favor!
Classic:
Type in answers that appear in a list
Last Updated: Feb 16, 2017
Quiz Scoreboard
CHALLENGE
Sign Up to Join the Scoreboard
Show All
Scores
Hide
Comments
May contain spoilers
Recently Published
An Introduction to Baseball
by treessimontrees
Sports
5m
Movies - When Are They Set?
by FPL_Elf
Movies
5m
Popular People in 1961
by mucciniale
History
6m
More to Explore
Quiz From the Vault
Featured Blog Post
Where Did the Easter Bunny Come From?
hide this ad
You Might Also Like...
Tags
The Hunger Games Quiz
Abraham
Arcade Fire
Daughter
Today's Top Quizzes in Music
Browse Music
hide this ad
Today's Top Quizzes in The Hunger Games
Browse The Hunger Games
Top Contributed Quizzes in Music
1
Taylor Swift All Songs (2024)
2
Guess the Artist- 70s Songs
3
KPOP LOGIC QUIZ
4
One Thing in Common: Music
5
2010s Album by Cover III
6
Guess the Taylor Swift song (Mystery Song)
7
Taylor Swift Logic Puzzle
8
2010s Album by Cover IV
9
2010s Album by Cover V
10
Kpop Logic Quiz
Explore More
Trending Topics
Kpop
Crossword
Disney
NBA
Marvel
Anime
Harry Potter
Soccer
Country
The Office
Puzzle
WWE
Song
Pokémon
NFL
hide this ad
More By:
snapehasacape
Quiz
Plays
Rating
Category
Featured
Created
Famous Females 1 for Badges
2,612
2.67
Just For Fun
Jul 1, 2015
Steven universe characters
1,725
3.83
Television
Jun 28, 2015
Villains of The Legend of Korra
1,530
Television
Jan 17, 2015
Percy Jackson Characters by Unhelpful Description
1,189
4.00
Literature
Nov 5, 2013
Avatar Love Interests
1,188
5.00
Television
Jan 31, 2015
Go to Creator's Profile
Score Distribution
Quiz Creator Spotlight
snapehasacape
Follow
Send a Message
Quizzes Created
-
Created Quiz Play Count
-
More By This Creator
Popular Quizzes Today
1
Find the Countries of Europe - No Outlines Minefield
2
Find the US States - No Outlines Minefield
3
The Countries of the World
4
Popular People in 1961
5
US States
6
Find the US States
7
1-10 Letter E Words III
8
Risky Map Clicking: Biggest States A-Z
More Music Quizzes
Sunday Crossword: Hee Hee!
Editor's Pick
Trending Quizzes
Risky Map Clicking: Least Populous States A-Z
1-10 Letter F Words
1-10 Letter G Words
Not Quite an Element Typing Challenge
One Thing in Common: United Kingdom
Recently Updated
Leaping Animals
pecheneg
Reality TV Shows (A-Z)
bhenderson79
Rickey Henderson's Hall of Fame Teammates
pecheneg
Champions League XIs: Arsenal
pecheneg
Quick Pick: Celebrities in WWE's Hall of Fame
aduchscher
A-Z Keypad Blitz II
pecheneg
Multiple Oscar Actors
pecheneg
Mystery Phrase Blitz: Oscar 'Best Actors'
pecheneg
F. Scott Fitzgerald Novels
LTH
Pick 3 Villains
ddd62291
Trending Topics
Crossword
Kpop
NBA
Harry Potter
Anime
Marvel
Disney
Soccer
WWE
Puzzle
Country
The Office
NFL
Song
Pokémon
Your Account Isn't Verified!
In order to create a playlist on Sporcle, you need to verify the email address you used during registration. Go to your
Sporcle Settings
to finish the process.
Report this User
Report this user for behavior that violates our
Community Guidelines
.
Details:
Send Report
Go to the Sporcle.com Mobile Site →
Comments